| 000 | 00748cam a22002653a 4500 | ||
|---|---|---|---|
| 001 | 19803 | ||
| 003 | PGUSA | ||
| 005 | 20140828083423.0 | ||
| 008 | 061114s2006||||xxu|||||s|||||000 | eng d | ||
| 040 |
_aPGUSA _beng |
||
| 042 | _adc | ||
| 050 | 4 | _aPT | |
| 100 | 1 |
_aIbsen, Henrik, _d1828-1906 |
|
| 245 | 1 | 0 |
_aPopolmalamiko : _bDramo en kvin aktoj _h[electronic resource] / _cHenrik Ibsen |
| 260 |
_bProject Gutenberg, _c2006 |
||
| 500 | _aTranslation of: En Folkefiende | ||
| 506 | _aPublic domain in the USA. | ||
| 516 | _aElectronic text | ||
| 653 | _aNorwegian drama | ||
| 653 | _aPhysicians -- Drama | ||
| 700 | 1 | _aTangerud, Odd | |
| 830 | 0 |
_aProject Gutenberg _v19803 |
|
| 856 | 4 | 0 | _uhttp://www.gutenberg.org/ebooks/19803 |
| 942 | _cEB | ||
| 999 |
_c249058 _d249058 |
||